Unavený motor Európy
Eurozóna vstupuje do ďalšej recesie, rast v Nemecku sa spomaľuje. Slabý dopyt po automobiloch v Európe môže vážne ohroziť nemecký automobilový priemysel a jeho sieť dodávateľov.
Guardado en:
| Formato: | Capítulo de libro |
|---|---|
| Lenguaje: | eslovaco |
| Materias: | |
| Etiquetas: |
Sin Etiquetas, Sea el primero en etiquetar este registro!
|
MARC
| LEADER | 00000naa a2200000 4500 | ||
|---|---|---|---|
| 001 | 0158270 | ||
| 005 | 20231113080234.8 | ||
| 041 | 0 | |a slo | |
| 044 | |a SK | ||
| 245 | 1 | 0 | |a Unavený motor Európy |
| 520 | |a Eurozóna vstupuje do ďalšej recesie, rast v Nemecku sa spomaľuje. Slabý dopyt po automobiloch v Európe môže vážne ohroziť nemecký automobilový priemysel a jeho sieť dodávateľov. | ||
| 610 | 2 | 0 | |a eurozóna |
| 610 | 2 | 0 | |a recesia |
| 610 | 2 | 0 | |a Nemecko |
| 610 | 2 | 0 | |a rast hospodársky |